000 00322 a2200145 4500
001 177726
020 _a
040 _cMagnum
100 _aFerreira, Ana Elisa e Outros
240 1 0 _aHigiene vocal infantil
_lpor
245 1 0 _aHigiene vocal infantil
362 0 _a1899
697 _aMAGNITO: IJ/DIDATICO
942 _cBK
999 _c177726
_d177726